Kapitálový trh sa bude riadiť novou koncepciou rozvoja

Schválenie Koncepcie rozvoja kapitálového trhu v SR slovenskou vládou v auguste 1999. Ciele koncepcie. Perspektíva vytvorenia nového nezávislého orgánu dozoru. Zmeny v evidencii a vyrovnaní obchodov. Princíp verejnej obchodovateľnosti. Možnosť uskutočňovať prevody verejne obchodovateľných cenných pa...

Celý popis

Uložené v:
Podrobná bibliografia
Hlavný autor: Medžová, Andrea
Médium: Kapitola
Jazyk:Slovak
Predmet:
Tagy: Pridať tag
Žiadne tagy, Buďte prvý, kto otaguje tento záznam!

MARC

LEADER 00000naa a2200000 4500
001 r035989
005 20230921103714.5
041 0 |a slo 
044 |a SK 
245 1 0 |a Kapitálový trh sa bude riadiť novou koncepciou rozvoja  |c Andrea Medžová 
520 |a Schválenie Koncepcie rozvoja kapitálového trhu v SR slovenskou vládou v auguste 1999. Ciele koncepcie. Perspektíva vytvorenia nového nezávislého orgánu dozoru. Zmeny v evidencii a vyrovnaní obchodov. Princíp verejnej obchodovateľnosti. Možnosť uskutočňovať prevody verejne obchodovateľných cenných papierov cez verejné trhy, aj mimo nich. 
610 2 0 |a trh kapitálový 
610 2 0 |a papiere cenné 
610 2 0 |a dozor 
610 2 0 |a Slovensko 
610 2 0 |a koncepcie 
100 1 |a Medžová, Andrea